| 000 | 00588cam2a220019300 4500 | ||
|---|---|---|---|
| 999 |
_c8406 _d8406 |
||
| 001 | zam00002825 | ||
| 003 | OSt | ||
| 005 | 20211115093759.0 | ||
| 008 | 951128s1977 xx eng u | ||
| 035 | _a(Sirsi) r20164 | ||
| 035 | _a(MACHINE)SLC. | ||
| 040 | _cCIP | ||
| 100 |
_aFishman, J. A. et al. _6A81407.1 |
||
| 245 | 1 | 4 | _aThe spread of English. |
| 260 | _c1977. | ||
| 856 |
_uhttps://www.pdfdrive.com/the-spread-of-english-spichtinger-e17909130.html _yRelated Article _zDownload PDF |
||
| 942 |
_2lcc _cE-RESOURCE |
||
| 949 |
_aPE1128.A2 FISH _wlcc _mMAIN _p2500 _tSHORTLOAN _lSHORTLOAN |
||